Capacity building in economics education and research / (Record no. 59356)
[ view plain ]
| 000 -LEADER | |
|---|---|
| fixed length control field | 01607nam a2200349 a 4500 |
| 001 - CONTROL NUMBER | |
| control field | 59356 |
| 003 - CONTROL NUMBER IDENTIFIER | |
| rucl marc code | BD-RjUL |
| 005 - DATE AND TIME OF LATEST TRANSACTION | |
| control field | 20211209080724.0 |
| 008 - FIXED-LENGTH DATA ELEMENTS--GENERAL INFORMATION | |
| fixed length control field | 161224s2007 dcua sb i000 0 eng d |
| 020 ## - INTERNATIONAL STANDARD BOOK NUMBER | |
| International Standard Book Number | 9780821365953 |
| International Standard Book Number | 0821365959 |
| 035 ## - SYSTEM CONTROL NUMBER | |
| System control number | BD-RjUL59480 |
| 040 ## - CATALOGING SOURCE | |
| Original cataloging agency | DJB |
| Transcribing agency | DJB |
| Modifying agency | DLC |
| -- | WaSeSS |
| Language of cataloging | eng |
| 041 ## - LANGUAGE CODE | |
| Language code of text/sound track or separate title | eng |
| 082 00 - DEWEY DECIMAL CLASSIFICATION NUMBER | |
| Classification number | 330.0721724 |
| Edition number | 22 |
| Author mark and year | CAP 2007 |
| 111 2# - MAIN ENTRY--MEETING NAME | |
| Meeting name or jurisdiction name as entry element | Scaling Up Capacity Building in Economics Education and Research |
| Date of meeting | (2005 : |
| Location of meeting | Central European University) |
| 9 (RLIN) | 176635 |
| 245 10 - TITLE STATEMENT | |
| Title | Capacity building in economics education and research / |
| Statement of responsibility, etc. | Francois Bourguignon, Yehuda Elkana, and Boris Pleskovic, editors. |
| 260 ## - PUBLICATION, DISTRIBUTION, ETC. (IMPRINT) | |
| Place of publication, distribution, etc. | Washington, D.C. : |
| Name of publisher, distributor, etc. | World Bank, |
| Date of publication, distribution, etc. | c2007. |
| 300 ## - PHYSICAL DESCRIPTION | |
| Pagination | 352 P. : |
| Illustrations | ill. ; |
| Size | 23 cm. |
| 500 ## - GENERAL NOTE | |
| General note | The Central European University and the World Bank jointly organized a conference entitled "Scaling Up Capacity Building in Economics Education and Research : Lessons Learned and Future Directions," which took place at the CEU campus in Budapest, Hungary, on June 14-15, 2005. |
| 504 ## - BIBLIOGRAPHY, ETC. NOTE | |
| Bibliography, etc | Includes bibliographical references. |
| 506 ## - RESTRICTIONS ON ACCESS NOTE | |
| Terms governing access | License restrictions may limit access. |
| 650 #0 - SUBJECT ADDED ENTRY--TOPICAL TERM | |
| Topical term or geographic name as entry element | Economics |
| General subdivision | Research |
| Geographic subdivision | Developing countries |
| 9 (RLIN) | 176540 |
| 700 1# - ADDED ENTRY--PERSONAL NAME | |
| Personal name | Bourguignon, Francois. |
| Personal name | Elkana, Yehuda, |
| Dates associated with a name | 1934-2012. |
| Personal name | Pleskovic, Boris. |
| 710 2# - ADDED ENTRY--CORPORATE NAME | |
| Corporate name or jurisdiction name as entry element | World Bank. |
| 9 (RLIN) | 171728 |
| 773 #0 - HOST ITEM ENTRY | |
| Title | Open Knowledge Repository |
| 856 40 - ELECTRONIC LOCATION AND ACCESS | |
| Uniform Resource Identifier | <a href="http://www.columbia.edu/cgi-bin/cul/resolve?clio11830319">http://www.columbia.edu/cgi-bin/cul/resolve?clio11830319</a> |
| Public note | Full text available from Open Knowledge Repository |
| 942 ## - ADDED ENTRY ELEMENTS (KOHA) | |
| Source of classification or shelving scheme | Dewey Decimal Classification |
| Koha item type | Books |
| Lost status | Source of classification or shelving scheme | Damaged status | Not for loan | Collection code | Permanent Location | Current Location | Shelving location | Date acquired | Source of acquisition | Cost, normal purchase price | Total Checkouts | Full call number | Date last seen | Copy number | Koha item type |
|---|---|---|---|---|---|---|---|---|---|---|---|---|---|---|---|
| Dewey Decimal Classification | Not For Loan | Non-fiction | Central Library, University of Rajshahi | Central Library, University of Rajshahi | Reading Room | 14/05/2009 | Dhaka, MIDAS | 45.00 | 330.0721724 CAP 2007 | 24/12/2016 | C-1 | Books |